| 000 | 01783cam a2200385 a 4500 | ||
|---|---|---|---|
| 999 |
_c233321 _d233321 |
||
| 001 | 15254161 | ||
| 003 | Nust | ||
| 005 | 20170306184510.0 | ||
| 008 | 080409s2008 nyu 000 1 eng | ||
| 010 | _a 2008016199 | ||
| 020 | _a9780446539869 | ||
| 020 | _a9780752884660 | ||
| 035 | _a(OCoLC)ocn223107176 | ||
| 035 | _a(OCoLC)223107176 | ||
| 040 |
_aDLC _cDLC _dIG# _dBAKER _dBTCTA _dIK2 _dRLS _dVP@ _dYDXCP _dDLC |
||
| 042 | _alcac | ||
| 050 | 0 | 0 |
_aPS3562.U752 _bR65 2008 |
| 082 | 0 | 0 |
_a813.54 _bLUS |
| 100 | 1 | _aLustbader, Eric. | |
| 245 | 1 | 0 |
_aRobert Ludlum's The Bourne sanction : _ba new Jason Bourne novel / _cby Eric Van Lustbader. |
| 246 | 3 | 0 | _aBourne sanction |
| 250 | _a1st ed. | ||
| 260 |
_aNew York : _bGrand Central Pub., _c2008. |
||
| 300 |
_a614 p. ; _c24 cm. |
||
| 520 | _a"Jason Bourne must confront a nightmare version of himself--an amoral, heartless killer--in this new novel in Robert Ludlum's bestselling series"--Provided by publisher. | ||
| 650 | 0 |
_aBourne, Jason (Fictitious character) _vFiction. |
|
| 650 | 0 |
_aIntelligence officers _vFiction. |
|
| 650 | 0 |
_aTerrorists _vFiction. |
|
| 655 | 7 |
_aSuspense fiction. _2gsafd |
|
| 655 | 7 |
_aSpy stories. _2gsafd |
|
| 700 | 1 |
_aLudlum, Robert, _d1927-2001. |
|
| 856 | 4 | 2 |
_3Contributor biographical information _uhttp://www.loc.gov/catdir/enhancements/fy0829/2008016199-b.html |
| 856 | 4 | 2 |
_3Publisher description _uhttp://www.loc.gov/catdir/enhancements/fy0834/2008016199-d.html |
| 906 |
_a7 _bcbc _corignew _d1 _eecip _f20 _gy-gencatlg |
||
| 942 |
_2ddc _cBK |
||